[Event "Baden-ch 94th"]
[Site "Forst"]
[Date "2022.10.03"]
[Round "7"]
[White "Balzer, Lars"]
[Black "Malsam, Julius"]
[Result "0-1"]
[WhiteElo "1996"]
[BlackElo "1927"]
[PlyCount "56"]
[EventDate "2022.09.30"]
[EventType "swiss"]
[EventRounds "7"]
[EventCountry "GER"]
[SourceTitle "CBM 210 Extra"]
[Source "ChessBase"]
[SourceDate "2022.11.30"]
[SourceVersion "1"]
[SourceVersionDate "2022.11.30"]
[SourceQuality "1"]

1. e4 c6 2. Nc3 d5 3. f4 dxe4 4. Nxe4 g6 5. Nf3 Bg7 6. Bc4 Nh6 7. d4 Bg4 8. c3 0-0 9. h3 Bxf3 10. Qxf3 Nf5 11. g4 Nd6 12. Bb3 Na6 13. Be3 Qc7 14. 0-0-0 Nxe4 15. Qxe4 c5 16. dxc5 Nxc5 17. Bxc5 Qxc5 18. Rd5 Qb6 19. f5 a5 20. fxg6 hxg6 21. Rhd1 e6 22. Rd7 Rfd8 23. Qxb7 Qe3+ 24. Kb1 Rdb8 25. Qc7 Be5 26. Rd8+ Kg7 27. Rxb8 Bxc7 28. Rxa8 Qe4+ 0-1

[Event "Baden-ch 94th"]
[Site "Forst"]
[Date "2022.10.01"]
[Round "2"]
[White "Malsam, Julius"]
[Black "Zimmer, Rolf"]
[Result "0-1"]
[WhiteElo "1927"]
[BlackElo "2055"]
[PlyCount "94"]
[EventDate "2022.09.30"]
[EventType "swiss"]
[EventRounds "7"]
[EventCountry "GER"]
[SourceTitle "CBM 210 Extra"]
[Source "ChessBase"]
[SourceDate "2022.11.30"]
[SourceVersion "1"]
[SourceVersionDate "2022.11.30"]
[SourceQuality "1"]

1. e4 c5 2. Nf3 Nc6 3. Bb5 g6 4. Bxc6 bxc6 5. d4 Bg7 6. 0-0 cxd4 7. Nxd4 c5 8. Nf3 Rb8 9. c3 Qc7 10. Re1 d6 11. Qc2 Nf6 12. c4 Bg4 13. Nfd2 Bd7 14. Nc3 e6 15. Nf1 0-0 16. Rb1 a6 17. f3 Bc6 18. Ne3 Ba8 19. b3 Nd7 20. Ne2 Ne5 21. Bb2 h5 22. Rbd1 Rb6 23. Kh1 Kh7 24. Ng1 f5 25. Nh3 Bh6 26. exf5 gxf5 27. f4 Be4 28. Qe2 Ng4 29. Nxg4 hxg4 30. Nf2 d5 31. Be5 Qf7 32. Nxe4 dxe4 33. Rd2 Bg7 34. Red1 Bxe5 35. Rd7 Bd4 36. Rxf7+ Rxf7 37. Qe1 Rd7 38. g3 Kg6 39. Kg2 Kf6 40. Qd2 Ke7 41. h3 Rbd6 42. Qe2 Bc3 43. Rxd6 Rxd6 44. Qe3 Rd2+ 45. Kh1 Rd1+ 46. Kh2 Bd4 47. Qe2 Rb1 0-1

[Event "DSOL 05 Liga Gr-B 1st"]
[Site "Playchess.com INT"]
[Date "2020.07.07"]
[Round "3.1"]
[White "Malsam, Julius"]
[Black "Spieker, Hans Joachim"]
[Result "0-1"]
[WhiteElo "1732"]
[BlackElo "1859"]
[PlyCount "62"]
[EventDate "2020.06.22"]
[EventType "team-tourn (rapid)"]
[EventCountry "GER"]
[SourceTitle "EXT 2021"]
[Source "ChessBase"]
[SourceDate "2020.10.23"]
[SourceVersion "1"]
[SourceVersionDate "2020.10.23"]
[SourceQuality "1"]
[WhiteTeam "Ketsch II"]
[BlackTeam "Hameln II"]
[WhiteTeamCountry "GER"]
[BlackTeamCountry "GER"]

1. d4 Nf6 2. Bf4 g6 3. Nc3 d5 4. e3 Bg7 5. h4 h5 6. Nf3 Bg4 7. Be2 c6 8. Ne5 Bxe2 9. Qxe2 Nbd7 10. 0-0-0 Nxe5 11. Bxe5 Qd7 12. e4 0-0 13. f3 b5 14. Rdg1 b4 15. Na4 dxe4 16. Nc5 Qd5 17. Nxe4 Nxe4 18. Qxe4 Bxe5 19. Qxe5 Qxa2 20. g4 Qa1+ 21. Kd2 Qxb2 22. gxh5 Qc3+ 23. Kc1 Rad8 24. hxg6 Qa1+ 25. Kd2 Rxd4+ 26. Qxd4 Qxd4+ 27. Kc1 Qa1+ 28. Kd2 Rd8+ 29. Ke2 Qe5+ 30. Kf2 Rd2+ 31. Kf1 Qe2# 0-1

[Event "DSOL 05 Liga Gr-B 1st"]
[Site "Playchess.com INT"]
[Date "2020.06.26"]
[Round "1.2"]
[White "Ziegler, Mario"]
[Black "Malsam, Julius"]
[Result "1/2-1/2"]
[WhiteElo "2017"]
[BlackElo "1732"]
[PlyCount "105"]
[EventDate "2020.06.22"]
[EventType "team-tourn (rapid)"]
[EventCountry "GER"]
[SourceTitle "EXT 2021"]
[Source "ChessBase"]
[SourceDate "2020.10.23"]
[SourceVersion "1"]
[SourceVersionDate "2020.10.23"]
[SourceQuality "1"]
[WhiteTeam "Birkenfeld"]
[BlackTeam "Ketsch II"]
[WhiteTeamCountry "GER"]
[BlackTeamCountry "GER"]

1. d4 Nf6 2. Nf3 g6 3. c4 Bg7 4. Nc3 d6 5. e4 0-0 6. Be2 e5 7. dxe5 dxe5 8. Qxd8 Rxd8 9. Bg5 c6 10. Nxe5 Re8 11. f4 Nbd7 12. Nxd7 Bxd7 13. Rd1 Be6 14. h3 Nd7 15. e5 f6 16. exf6 Nxf6 17. 0-0 Nd7 18. Na4 Bf5 19. Bf3 Nb6 20. Nxb6 axb6 21. g4 Be6 22. b3 Rxa2 23. Rf2 Ra1 24. Rxa1 Bxa1 25. Re2 Kf7 26. Kg2 Ra8 27. Be4 Bf6 28. Bxf6 Kxf6 29. Bc2 Ra5 30. Kf2 b5 31. b4 Ra3 32. cxb5 Rxh3 33. g5+ Kf7 34. bxc6 bxc6 35. Be4 Rb3 36. Bxc6 Rxb4 37. Re4 Rb6 38. Ba4 Rb2+ 39. Ke3 Rh2 40. Be8+ Kxe8 41. Rxe6+ Kf7 42. Ra6 h5 43. gxh6 Rh5 44. Ra7+ Kg8 45. Rg7+ Kh8 46. Rxg6 Kh7 47. Ra6 Rb5 48. Ke4 Rc5 49. Kf3 Rb5 50. Kg4 Rc5 51. Re6 Rb5 52. Re5 Rb6 53. Kg5 1/2-1/2